[Event "London CSC 5-Day U2050 op 10th"]
[Site "London"]
[Date "2018.12.10"]
[Round "2"]
[White "Patel, Rishi"]
[Black "Hayward, Alan"]
[Result "1-0"]
[WhiteElo "1701"]
[BlackElo "1903"]
[PlyCount "111"]
[EventDate "2018.12.09"]
[EventType "swiss"]
[EventRounds "5"]
[EventCountry "ENG"]
[SourceTitle "EXT 2020"]
[Source "ChessBase"]
[SourceDate "2019.10.17"]
[SourceVersion "1"]
[SourceVersionDate "2019.10.17"]
[SourceQuality "1"]

1. e4 d6 2. d4 f5 3. Nc3 fxe4 4. Nxe4 Nf6 5. Bd3 g6 6. Nf3 Bg7 7. Be3 0-0 8. 0-0 Nc6 9. c3 Nxe4 10. Bxe4 d5 11. Bd3 e5 12. dxe5 Nxe5 13. Be2 Nxf3+ 14. Bxf3 c6 15. Qd2 Rxf3 16. gxf3 Bh3 17. Rfe1 Qf6 18. Qe2 Re8 19. f4 Bh6 20. Qf3 Qf5 21. Bd2 Rf8 22. Qg3 Bg7 23. Re3 Bg4 24. Rae1 Qc8 25. f3 Bf5 26. Kh1 Bf6 27. Qg2 c5 28. Qe2 Qc6 29. Re8 b5 30. Rxf8+ Kxf8 31. Be3 d4 32. cxd4 c4 33. d5 Qxd5 34. Bxa7 Kg7 35. Bb8 Bd3 36. Qe3 Bxb2 37. Be5+ Bxe5 38. fxe5 Qe6 39. Qa7+ Kh6 40. Qc5 b4 41. Qxb4 Qf5 42. Qd2+ Kh5 43. Qg2 Kh6 44. e6 c3 45. e7 Bb5 46. Qg4 Qf6 47. e8Q Bxe8 48. Rxe8 c2 49. Re1 Qc3 50. Qf4+ g5 51. Re6+ Kg7 52. Qxg5+ Kf7 53. Qe7+ Kg8 54. Qd8+ Kf7 55. Qd7+ Kg8 56. Re8# 1-0

[Event "London Classic op U2050 9th"]
[Site "London"]
[Date "2017.12.08"]
[Round "5"]
[White "Hayward, Alan"]
[Black "Royal, Shreyas"]
[Result "1-0"]
[WhiteElo "1924"]
[BlackElo "1734"]
[PlyCount "57"]
[EventDate "2017.12.04"]
[EventType "swiss"]
[EventRounds "5"]
[EventCountry "ENG"]
[SourceTitle "CBM 182 Extra"]
[Source "ChessBase"]
[SourceDate "2018.02.23"]
[SourceVersion "1"]
[SourceVersionDate "2018.02.23"]
[SourceQuality "1"]

1. d4 Nf6 2. Nc3 d5 3. Bg5 Nbd7 4. Nf3 g6 5. Qd2 Bg7 6. Bh6 0-0 7. Bxg7 Kxg7 8. h4 Nb6 9. Ne5 h5 10. 0-0-0 Bf5 11. f3 Rh8 12. Qf4 Qc8 13. e4 dxe4 14. fxe4 Bg4 15. Rd2 c5 16. d5 Qb8 17. Qg5 Qd8 18. Be2 Bxe2 19. Rxe2 a6 20. Rf1 Nc8 21. Ref2 Rf8 22. Ne2 Nd6 23. Ng3 Qe8 24. Rxf6 Nxe4 25. Rxf7+ Rxf7 26. Qxg6+ Kh8 27. Nxf7+ Qxf7 28. Rxf7 Nxg3 29. Qg7# 1-0

[Event "London Classic op U2050 9th"]
[Site "London"]
[Date "2017.12.07"]
[Round "4"]
[White "Saravanan, Aadarsh"]
[Black "Hayward, Alan"]
[Result "1/2-1/2"]
[WhiteElo "1697"]
[BlackElo "1924"]
[PlyCount "63"]
[EventDate "2017.12.04"]
[EventType "swiss"]
[EventRounds "5"]
[EventCountry "ENG"]
[SourceTitle "CBM 182 Extra"]
[Source "ChessBase"]
[SourceDate "2018.02.23"]
[SourceVersion "1"]
[SourceVersionDate "2018.02.23"]
[SourceQuality "1"]

1. d4 d5 2. c4 Nc6 3. Nc3 Nf6 4. Nf3 Bg4 5. e3 e6 6. Be2 Be7 7. 0-0 0-0 8. Bd2 a6 9. h3 Bh5 10. cxd5 exd5 11. a3 Bd6 12. b4 Re8 13. Qc2 Bg6 14. Bd3 Bxd3 15. Qxd3 Qd7 16. Rab1 h6 17. Rfc1 Na7 18. a4 Nc8 19. Nh4 Bf8 20. Qc2 Nb6 21. a5 Nc8 22. Na4 Ne4 23. Nc5 Bxc5 24. bxc5 c6 25. Nf3 f6 26. Qb2 Rb8 27. Be1 Na7 28. Nh4 Ng5 29. Qe2 Nb5 30. Qd3 Re6 31. Qg6 Qf7 32. Qxf7+ 1/2-1/2

[Event "London Classic op U2050 9th"]
[Site "London"]
[Date "2017.12.05"]
[Round "2"]
[White "De Jager, Leo"]
[Black "Hayward, Alan"]
[Result "1-0"]
[WhiteElo "1751"]
[BlackElo "1924"]
[PlyCount "107"]
[EventDate "2017.12.04"]
[EventType "swiss"]
[EventRounds "5"]
[EventCountry "ENG"]
[SourceTitle "CBM 182 Extra"]
[Source "ChessBase"]
[SourceDate "2018.02.23"]
[SourceVersion "1"]
[SourceVersionDate "2018.02.23"]
[SourceQuality "1"]

1. d4 d5 2. Nf3 Nc6 3. e3 Bg4 4. h3 Bh5 5. Be2 f6 6. b3 e5 7. dxe5 fxe5 8. Bb2 Bd6 9. Nc3 Nf6 10. Nb5 Bb4+ 11. c3 Bc5 12. b4 Bb6 13. Na3 Qe7 14. Nc2 0-0 15. 0-0 Rad8 16. a4 a6 17. Ba3 e4 18. Nfd4 Bxe2 19. Qxe2 Bxd4 20. cxd4 Qe6 21. b5 Ne7 22. bxa6 bxa6 23. Bxe7 Qxe7 24. Qxa6 Ra8 25. Qc6 Ra5 26. Ra2 Ne8 27. Qc3 Ra8 28. Nb4 Rf5 29. f4 exf3 30. Rxf3 Rxf3 31. gxf3 Nd6 32. Qb3 Nc4 33. Nc6 Qh4 34. Kg2 Qe1 35. Ne7+ Kh8 36. Nxd5 Nd2 37. Rxd2 Qxd2+ 38. Kg3 Qe1+ 39. Kg2 Qe2+ 40. Kg3 Rf8 41. Nf4 Qf1 42. Qb4 Ra8 43. Qb7 Qe1+ 44. Kg2 Qa5 45. d5 h6 46. Ne6 Qxa4 47. e4 Qa1 48. Qxc7 Ra2+ 49. Kg3 Qe1+ 50. Kf4 Qh4+ 51. Ke3 Ra3+ 52. Ke2 Ra2+ 53. Kd3 Ra3+ 54. Kc4 1-0

[Event "London Classic op U2050-B 8th"]
[Site "London"]
[Date "2016.12.12"]
[Round "1"]
[White "Mandnikar, Atreya"]
[Black "Hayward, Alan"]
[Result "1/2-1/2"]
[WhiteElo "1725"]
[BlackElo "1987"]
[PlyCount "63"]
[EventDate "2016.12.12"]
[EventType "swiss"]
[EventRounds "5"]
[EventCountry "ENG"]
[SourceTitle "EXT 2019"]
[Source "ChessBase"]
[SourceDate "2018.10.10"]
[SourceVersion "1"]
[SourceVersionDate "2018.10.10"]
[SourceQuality "1"]

1. e4 d5 2. exd5 Nf6 3. Nf3 Nxd5 4. d4 Bf5 5. Bd3 Bxd3 6. Qxd3 Nc6 7. c3 e6 8. 0-0 Bd6 9. Nbd2 0-0 10. Ne4 Bf4 11. Neg5 g6 12. Ne4 Bxc1 13. Raxc1 Nf6 14. Rce1 Nxe4 15. Rxe4 Qf6 16. Qe3 Ne7 17. Ne5 Rad8 18. Ng4 Qg7 19. Qd2 c5 20. Qg5 Nf5 21. dxc5 h6 22. Qc1 h5 23. Ne3 Nxe3 24. Qxe3 a6 25. Rd4 e5 26. Rxd8 Rxd8 27. Re1 f6 28. h3 Qd7 29. Qe4 Kg7 30. Re2 Kf7 31. Qc4+ Qd5 32. Qxd5+ 1/2-1/2

[Event "Hampstead op U2200 09"]
[Site "Hampstead"]
[Date "2013.09.29"]
[Round "4"]
[White "Villiers, Thomas"]
[Black "Hayward, Alan"]
[Result "1-0"]
[WhiteElo "2043"]
[BlackElo "1941"]
[PlyCount "77"]
[EventDate "2013.09.28"]
[EventType "swiss"]
[EventRounds "5"]
[EventCountry "ENG"]
[SourceTitle "EXT 2015"]
[Source "ChessBase"]
[SourceDate "2014.11.20"]
[SourceVersion "1"]
[SourceVersionDate "2014.11.20"]
[SourceQuality "1"]

1. c4 d5 2. cxd5 Nf6 3. g3 Nxd5 4. Bg2 Nc6 5. Nc3 Nf6 6. Nf3 e5 7. 0-0 Bc5 8. a3 a5 9. d3 h6 10. Nd2 0-0 11. Rb1 Bg4 12. h3 Bh5 13. Nb3 Bb6 14. Na4 Rb8 15. Nxb6 cxb6 16. Re1 Qd7 17. Be3 Nd4 18. Nxd4 exd4 19. Bf4 Rbc8 20. Qb3 b5 21. Kf1 Rfe8 22. g4 Bg6 23. Rbc1 h5 24. g5 Nh7 25. Qd5 Bf5 26. g6 Nf8 27. gxf7+ Qxf7 28. h4 Ne6 29. Bg3 Rxc1 30. Rxc1 Bg4 31. Rc2 Re7 32. Bd6 Rd7 33. Rc8+ Nd8 34. Qxd4 Kh7 35. Qb6 Bxe2+ 36. Kxe2 Nc6 37. Be4+ g6 38. Qc5 Qe6 39. Qxh5+ 1-0

[Event "Hampstead op U2200 09"]
[Site "Hampstead"]
[Date "2013.09.28"]
[Round "1"]
[White "Hayward, Alan"]
[Black "Sharkey, Brian"]
[Result "1-0"]
[WhiteElo "1941"]
[BlackElo "1634"]
[PlyCount "83"]
[EventDate "2013.09.28"]
[EventType "swiss"]
[EventRounds "5"]
[EventCountry "ENG"]
[SourceTitle "EXT 2015"]
[Source "ChessBase"]
[SourceDate "2014.11.20"]
[SourceVersion "1"]
[SourceVersionDate "2014.11.20"]
[SourceQuality "1"]

1. d4 d6 2. Nc3 Nf6 3. e4 g6 4. f3 Bg7 5. Be3 c6 6. Qd2 b5 7. Be2 Nbd7 8. Nh3 Nb6 9. Nf2 Nc4 10. Bxc4 bxc4 11. 0-0 0-0 12. Bh6 Bxh6 13. Qxh6 Qb6 14. Qd2 d5 15. Rfe1 Re8 16. e5 Nh5 17. b3 cxb3 18. axb3 Ng7 19. Na4 Qb5 20. Nc5 Ne6 21. Nxe6 Bxe6 22. Nd3 a5 23. Nc5 Reb8 24. Ra4 Ra7 25. Rea1 Rba8 26. b4 Bf5 27. g4 Bc8 28. Rxa5 Rxa5 29. Rxa5 Rxa5 30. bxa5 Ba6 31. Nxa6 Qxa6 32. Kf2 Kg7 33. h4 h6 34. f4 Qa7 35. Qb4 Kf8 36. Qc5 Qa6 37. f5 gxf5 38. gxf5 Qc8 39. f6 Qf5+ 40. Ke3 Qe4+ 41. Kd2 Qf4+ 42. Kc3 1-0

[Event "Hampstead op U2200 09"]
[Site "Hampstead"]
[Date "2013.09.28"]
[Round "2"]
[White "Sutton, Daniel"]
[Black "Hayward, Alan"]
[Result "0-1"]
[WhiteElo "1721"]
[BlackElo "1941"]
[PlyCount "40"]
[EventDate "2013.09.28"]
[EventType "swiss"]
[EventRounds "5"]
[EventCountry "ENG"]
[SourceTitle "EXT 2015"]
[Source "ChessBase"]
[SourceDate "2014.11.20"]
[SourceVersion "1"]
[SourceVersionDate "2014.11.20"]
[SourceQuality "1"]

1. e4 d5 2. exd5 Nf6 3. Nf3 Nxd5 4. d4 Bf5 5. Bd3 Bxd3 6. Qxd3 Nc6 7. c3 e6 8. 0-0 Bd6 9. Bg5 Qd7 10. Nbd2 h6 11. Bh4 f5 12. Rfe1 g5 13. Bxg5 hxg5 14. Nxg5 Bxh2+ 15. Kf1 0-0-0 16. Nxe6 Bd6 17. Qxf5 Rh1+ 18. Ke2 Nf4+ 19. Kf3 Nxe6 20. Rxh1 Nexd4+ 0-1

[Event "Hampstead op U2200 07"]
[Site "Hampstead"]
[Date "2013.07.21"]
[Round "5"]
[White "Hayward, Alan"]
[Black "Porter, Sam J"]
[Result "1-0"]
[WhiteElo "1954"]
[BlackElo "1870"]
[PlyCount "97"]
[EventDate "2013.07.20"]
[EventType "swiss"]
[EventRounds "5"]
[EventCountry "ENG"]
[SourceTitle "EXT 2023"]
[Source "ChessBase"]
[SourceDate "2022.10.05"]
[SourceVersion "1"]
[SourceVersionDate "2022.10.05"]
[SourceQuality "1"]

1. d4 Nf6 2. Nc3 d5 3. Bg5 Nbd7 4. Nf3 c6 5. e3 e6 6. a3 Bd6 7. Bd3 0-0 8. 0-0 Qc7 9. Re1 a6 10. e4 dxe4 11. Nxe4 Nxe4 12. Rxe4 f6 13. Rh4 g6 14. Bh6 Rf7 15. Qe2 Nf8 16. Bc4 Bd7 17. Re4 Re8 18. Re1 Rfe7 19. Qd2 c5 20. dxc5 Bxc5 21. Qc3 Qc8 22. Qxf6 Rf7 23. Qc3 Bc6 24. Rf4 Qc7 25. Bxf8 Bxf2+ 26. Kxf2 Qxf4 27. Bb4 Bxf3 28. gxf3 Qxh2+ 29. Ke3 Qg2 30. Qe5 Rxf3+ 31. Kd4 Qf2+ 32. Ke4 Rf6 33. Be2 Rf5 34. Qc7 Qg2+ 35. Kd3 Qd5+ 36. Kc3 Re5 37. b3 a5 38. Bd6 Re3+ 39. Kb2 Qd4+ 40. Ka2 Qd2 41. Rf1 Ra8 42. Qf7+ Kh8 43. Bd3 Rc8 44. Bc5 Rxd3 45. Qf6+ Kg8 46. Qxe6+ Kg7 47. Bf8+ Rxf8 48. Qe7+ Rf7 49. Rxf7+ 1-0

[Event "Hampstead op U2200 06"]
[Site "Hampstead"]
[Date "2013.06.29"]
[Round "1"]
[White "Hayward, Alan"]
[Black "Winter, Malcolm J"]
[Result "1-0"]
[WhiteElo "1954"]
[BlackElo "1553"]
[PlyCount "141"]
[EventDate "2013.06.29"]
[EventType "swiss"]
[EventRounds "5"]
[EventCountry "ENG"]
[SourceTitle "EXT 2014"]
[Source "ChessBase"]
[SourceDate "2013.11.20"]
[SourceVersion "1"]
[SourceVersionDate "2013.11.20"]
[SourceQuality "1"]

1. d4 Nf6 2. Nc3 d5 3. Bg5 h6 4. Bh4 e6 5. e4 Be7 6. e5 Nfd7 7. Bxe7 Qxe7 8. Nf3 a6 9. Be2 0-0 10. 0-0 c5 11. a4 Nc6 12. Re1 cxd4 13. Nxd4 Ndxe5 14. Nxc6 Nxc6 15. Bf3 Qf6 16. a5 Rd8 17. Qd2 Qd4 18. Qc1 Qb4 19. Ra4 Qc5 20. Rg4 Kh8 21. Rg3 Bd7 22. Qf4 Qf8 23. Bh5 e5 24. Qxf7 Qxf7 25. Bxf7 d4 26. Nd5 Bf5 27. Nb6 Rab8 28. Bb3 Re8 29. Nc4 Rbd8 30. Ba4 Re7 31. Rf3 g6 32. g4 Bxg4 33. Rf6 Re6 34. Rxe6 Bxe6 35. Bxc6 bxc6 36. Nxe5 Bd5 37. Nxg6+ Kg7 38. Nf4 Kf6 39. Rd1 Rg8+ 40. Kf1 Bc4+ 41. Ke1 Rg1+ 42. Kd2 Rxd1+ 43. Kxd1 Kf5 44. Nd3 h5 45. Kd2 h4 46. b3 Bxd3 47. Kxd3 Kg4 48. Ke4 Kh3 49. f4 Kxh2 50. f5 Kg3 51. f6 h3 52. f7 h2 53. f8Q h1Q+ 54. Kxd4 Qd5+ 55. Kc3 Qxa5+ 56. Qb4 Qe5+ 57. Qd4 Qa5+ 58. Kd3 Qf5+ 59. Kd2 Kg2 60. Qd3 Qa5+ 61. Ke3 Qc5+ 62. Ke4 Qe7+ 63. Kd4 Qd6+ 64. Kc4 Qe7 65. Qg6+ Kf2 66. Qxc6 Qe2+ 67. Kb4 Qd2+ 68. c3 Qf4+ 69. Ka5 Qd2 70. Kxa6 Qa2+ 71. Qa4 1-0

[Event "Hampstead op U2200 05"]
[Site "Hampstead"]
[Date "2013.05.18"]
[Round "1"]
[White "Hayward, Alan"]
[Black "Brown, Terry"]
[Result "1-0"]
[WhiteElo "1960"]
[BlackElo "1507"]
[PlyCount "85"]
[EventDate "2013.05.18"]
[EventType "swiss"]
[EventRounds "5"]
[EventCountry "ENG"]
[SourceTitle "EXT 2014"]
[Source "ChessBase"]
[SourceDate "2013.11.20"]
[SourceVersion "1"]
[SourceVersionDate "2013.11.20"]
[SourceQuality "1"]

1. d4 Nf6 2. Nc3 d5 3. Bg5 e6 4. e4 Be7 5. e5 Nfd7 6. h4 h6 7. Bxe7 Qxe7 8. Qg4 Qf8 9. Bd3 c5 10. Nb5 Na6 11. Nd6+ Ke7 12. Bxa6 bxa6 13. c3 Rb8 14. 0-0-0 Rg8 15. Rh3 f5 16. exf6+ Kxd6 17. Qf4+ Kc6 18. f7 Rh8 19. Re3 Rb6 20. Rxe6+ Kb7 21. Re8 Rf6 22. Rxf8 Rxf4 23. Rxh8 Rxf7 24. Nf3 cxd4 25. Rxd4 Nb6 26. Re8 Bd7 27. Re1 Bf5 28. Ne5 Re7 29. g4 Be4 30. f3 Bh7 31. Nd3 Rf7 32. Nc5+ Kc6 33. Nxa6 Rxf3 34. Re6+ Kd7 35. Nc5+ Kc7 36. Re7+ Kd6 37. Rxg7 Rf1+ 38. Rd1 Rxd1+ 39. Kxd1 Be4 40. Nxe4+ dxe4 41. Rg6+ Ke5 42. Rxh6 Kf4 43. Rxb6 1-0

[Event "Hampstead U2200 op 2nd"]
[Site "London"]
[Date "2012.11.24"]
[Round "4"]
[White "Hayward, Alan"]
[Black "Haridas, Girinath"]
[Result "1/2-1/2"]
[WhiteElo "1947"]
[BlackElo "1765"]
[PlyCount "91"]
[EventDate "2012.11.24"]
[EventType "swiss"]
[EventRounds "5"]
[EventCountry "ENG"]
[SourceTitle "EXT 2019"]
[Source "ChessBase"]
[SourceDate "2018.10.10"]
[SourceVersion "1"]
[SourceVersionDate "2018.10.10"]
[SourceQuality "1"]

1. d4 Nf6 2. Nc3 d5 3. Bg5 Nbd7 4. Nf3 g6 5. e3 Bg7 6. Bd3 0-0 7. 0-0 c6 8. Re1 h6 9. Bh4 c5 10. e4 cxd4 11. Nxd5 Nxd5 12. exd5 g5 13. Bg3 Nb6 14. Be5 Nxd5 15. Bxg7 Kxg7 16. Qe2 Bg4 17. Qe5+ f6 18. Qe4 f5 19. Qxd4+ Nf6 20. Qxd8 Raxd8 21. Rxe7+ Rf7 22. Rxf7+ Kxf7 23. Ne5+ Kg7 24. Nxg4 fxg4 25. Re1 Kf8 26. Kf1 b6 27. Re6 Kf7 28. Bc4 Kg6 29. Ke2 Rd4 30. Bb3 Kf5 31. c3 Rd7 32. Re3 Ne4 33. Be6+ Kxe6 34. Rxe4+ Kf5 35. Rd4 Rxd4 36. cxd4 Ke4 37. d5 Kxd5 38. f3 gxf3+ 39. Kxf3 h5 40. h4 gxh4 41. Kf4 Kd4 42. Kg5 Ke3 43. Kxh4 Kf2 44. g3 Kf3 45. b4 b5 46. Kh3 1/2-1/2

[Event "London Classic op"]
[Site "London"]
[Date "2011.12.06"]
[Round "4"]
[White "Hayward, Alan"]
[Black "Amier, Hamzah B Mohd Zuhr"]
[Result "1-0"]
[WhiteElo "1984"]
[BlackElo "1745"]
[PlyCount "67"]
[EventDate "2011.12.03"]
[EventType "swiss"]
[EventRounds "9"]
[EventCountry "ENG"]
[SourceTitle "CBM 145 Extra"]
[Source "ChessBase"]
[SourceDate "2012.01.03"]
[SourceVersion "1"]
[SourceVersionDate "2012.01.03"]
[SourceQuality "1"]

1. d4 d5 2. Nc3 c6 3. e4 e6 4. exd5 exd5 5. Bd3 Bd6 6. Nge2 Ne7 7. 0-0 0-0 8. a4 Bf5 9. Ng3 Bg6 10. Nce2 Qc7 11. h4 Nd7 12. h5 Bxd3 13. Qxd3 f5 14. Bg5 f4 15. Bxe7 Bxe7 16. Nf5 Bf6 17. c3 Rae8 18. Rfe1 Re6 19. Qf3 Rfe8 20. Kf1 Bg5 21. Ng1 Re4 22. Nh3 h6 23. Nxg5 hxg5 24. h6 g6 25. Ng7 R8e7 26. Qg4 Qd8 27. Rxe4 Rxe4 28. Ne6 Qb6 29. Nxg5 Qxb2 30. Rd1 Nf6 31. Qf3 Re8 32. Nh3 Ne4 33. Qg4 g5 34. Qd7 1-0

[Event "London Classic op"]
[Site "London"]
[Date "2011.12.04"]
[Round "2"]
[White "Hayward, Alan"]
[Black "Arkell, Keith C"]
[Result "0-1"]
[WhiteElo "1984"]
[BlackElo "2418"]
[PlyCount "41"]
[EventDate "2011.12.03"]
[EventType "swiss"]
[EventRounds "9"]
[EventCountry "ENG"]
[SourceTitle "CBM 145 Extra"]
[Source "ChessBase"]
[SourceDate "2012.01.03"]
[SourceVersion "1"]
[SourceVersionDate "2012.01.03"]
[SourceQuality "1"]

1. d4 Nf6 2. Nc3 d5 3. Bg5 Nbd7 4. Nf3 g6 5. e3 Bg7 6. Bd3 c6 7. 0-0 0-0 8. a4 a5 9. Re1 Re8 10. e4 dxe4 11. Nxe4 Nxe4 12. Rxe4 c5 13. Bb5 cxd4 14. Qe2 f6 15. Nxd4 e5 16. Qc4+ Kh8 17. Ne6 Rxe6 18. Qxe6 Nc5 19. Qc4 Nxe4 20. Qxe4 fxg5 21. h3 0-1

[Event "Cologne Longerich op 8th"]
[Site "Cologne"]
[Date "2011.08.14"]
[Round "4"]
[White "Meinberger, Manfred"]
[Black "Hayward, Alan"]
[Result "1/2-1/2"]
[WhiteElo "1577"]
[BlackElo "1977"]
[PlyCount "50"]
[EventDate "2011.08.12"]
[EventType "swiss"]
[EventRounds "5"]
[EventCountry "GER"]
[SourceTitle "EXT 2017"]
[Source "ChessBase"]
[SourceDate "2016.10.25"]
[SourceVersion "1"]
[SourceVersionDate "2016.10.25"]
[SourceQuality "1"]

1. f4 d5 2. Nf3 g6 3. e3 Bg7 4. d4 c6 5. Bd3 Nh6 6. 0-0 Nf5 7. Qe2 h5 8. Nbd2 Nd6 9. c3 Bf5 10. e4 dxe4 11. Nxe4 Nxe4 12. Bxe4 e6 13. Bxf5 gxf5 14. Bd2 Nd7 15. Rae1 Qe7 16. b4 Nf6 17. a4 Ne4 18. Ng5 Nxd2 19. Qxd2 0-0-0 20. Nf3 Kb8 21. Qe2 h4 22. Ne5 Bxe5 23. Qxe5+ Qc7 24. Qxc7+ Kxc7 25. Rf3 Kd6 1/2-1/2

[Event "London Classic op"]
[Site "London"]
[Date "2010.12.12"]
[Round "5"]
[White "Yeo, Michael J"]
[Black "Hayward, Alan"]
[Result "1-0"]
[WhiteElo "2183"]
[BlackElo "1979"]
[PlyCount "87"]
[EventDate "2010.12.08"]
[EventType "swiss"]
[EventRounds "9"]
[EventCountry "ENG"]
[SourceTitle "CBM 139 Extra"]
[Source "ChessBase"]
[SourceDate "2011.01.05"]
[SourceVersion "1"]
[SourceVersionDate "2011.01.05"]
[SourceQuality "1"]

1. e4 d5 2. exd5 Nf6 3. Nf3 Bg4 4. Bb5+ Nbd7 5. h3 Bh5 6. Nc3 a6 7. Be2 Nb6 8. d4 Nbxd5 9. 0-0 Nxc3 10. bxc3 e6 11. Rb1 Rb8 12. c4 Be7 13. Ne5 Bg6 14. Bf3 Qc8 15. Be3 0-0 16. Rb3 Rd8 17. Qe2 Nd7 18. Nxg6 hxg6 19. Rfb1 b6 20. Bc6 e5 21. c3 Bf6 22. Qb2 exd4 23. cxd4 Nc5 24. Ra3 Rd6 25. Bf3 Qd8 26. Rd1 Ne6 27. Bd5 c5 28. Rxa6 Nc7 29. Qa3 Nxa6 30. Qxa6 Bxd4 31. Bf4 Rxd5 32. cxd5 Ra8 33. Qc4 b5 34. Qb3 Ra4 35. Bg3 Rb4 36. Qf3 Rb2 37. d6 Rxa2 38. Qc6 b4 39. Re1 b3 40. Re8+ Qxe8 41. Qxe8+ Kh7 42. d7 Bf6 43. Be5 Re2 44. Bxf6 1-0

[Event "London Classic op"]
[Site "London"]
[Date "2010.12.11"]
[Round "4"]
[White "Hayward, Alan"]
[Black "Miu, Marinel"]
[Result "1-0"]
[WhiteElo "1979"]
[BlackElo "1582"]
[PlyCount "85"]
[EventDate "2010.12.08"]
[EventType "swiss"]
[EventRounds "9"]
[EventCountry "ENG"]
[SourceTitle "CBM 139 Extra"]
[Source "ChessBase"]
[SourceDate "2011.01.05"]
[SourceVersion "1"]
[SourceVersionDate "2011.01.05"]
[SourceQuality "1"]

1. d4 d5 2. Nc3 f5 3. e4 dxe4 4. Bf4 c6 5. f3 Nf6 6. fxe4 fxe4 7. Bc4 Bg4 8. Qd2 e6 9. Nge2 Bb4 10. a3 Bxc3 11. Nxc3 0-0 12. Bg5 h6 13. Bh4 g5 14. h3 Bf5 15. g4 Nd5 16. gxf5 e3 17. Qg2 Kh8 18. Bg3 Nf4 19. Bxf4 gxf4 20. 0-0-0 exf5 21. Qf3 Qe7 22. Qxf4 Kh7 23. Rde1 Na6 24. Rxe3 Qg5 25. Qxg5 hxg5 26. Re7+ Kh6 27. Rxb7 Nb8 28. Re1 Rh8 29. Re5 f4 30. Be2 Rg8 31. Bd3 Rh8 32. Re8 Nd7 33. Rxa8 Rxa8 34. Rxd7 Rh8 35. Rh7+ Rxh7 36. Bxh7 Kxh7 37. Kd1 Kh6 38. Ne2 Kh5 39. Nxf4+ gxf4 40. Ke2 a5 41. Kf3 Kh4 42. Kxf4 Kxh3 43. c4 1-0